| 000 | 00522nam a22001697a 4500 | ||
|---|---|---|---|
| 003 | OSt | ||
| 005 | 20240924054942.0 | ||
| 008 | 240924b |||||||| |||| 00| 0 eng d | ||
| 020 | _a9789710445066 | ||
| 040 |
_aDWCL-main lib. _cOC |
||
| 082 | _aFil. 001.42 P129r 2006 | ||
| 100 | _aPAGADUAN, HONORATA M. | ||
| 245 |
_aResearch method in business education / _cHonorata M. Pagaduan. |
||
| 300 |
_ax, 173 pages : _b illustrations ; _c25 cm. |
||
| 650 |
_aResearch _xBusiness |
||
| 942 |
_2ddc _cBK - FIL _kFil. 001.42 P129r 2006 _n1 |
||
| 999 |
_c3079 _d3079 |
||